000
00267 a2200097 4500
001
52979
100
_a
Stuckenbruck Linn C
245
_a
Implementation of Project Management:The Professional Handbook
260
_a
London
_b
Addition Wesley
_c
090
_c
33307
_d
33307
942
_a
NUST-CAE
_c
M
_c
25900
999
_c
288052
_d
288052